000
00321 a2200157 4500
001
177369
020
_a
040
_c
Magnum
100
_a
Portela, Fernando
240
1
0
_a
Reforma agraria
_l
por
245
1
0
_a
Reforma agraria
362
0
_a
1899
440
1
_a
Ática
697
_a
MAGNITO: PARADIDATICO
942
_c
BK
999
_c
177369
_d
177369